[Event "Joao Pessoa de Assis Memorial 3rd"]
[Site "Joao Pessoa"]
[Date "2023.10.21"]
[Round "3"]
[White "De Lima, Theo Magalhaes"]
[Black "Gomes, Genildo de Souza"]
[Result "1-0"]
[WhiteElo "1718"]
[BlackElo "1556"]
[PlyCount "55"]
[EventDate "2023.10.20"]
[EventType "swiss"]
[EventRounds "6"]
[EventCountry "BRA"]
[SourceTitle "Mega2024 Update 01"]
[Source "Chessbase"]
[SourceDate "2023.11.12"]
[SourceVersion "1"]
[SourceVersionDate "2023.11.12"]
[SourceQuality "1"]

1. d4 d5 2. c4 e6 3. Nc3 Nf6 4. cxd5 exd5 5. Bg5 Be7 6. e3 c6 7. Bd3 Bg4 8. Qc2 Nbd7 9. f3 Bh5 10. Nge2 Bg6 11. 0-0 Nh5 12. Bxe7 Qxe7 13. e4 dxe4 14. fxe4 0-0 15. e5 Bxd3 16. Qxd3 g6 17. Ne4 Rad8 18. Qb3 Nb6 19. g4 Ng7 20. Nf6+ Kh8 21. Qh3 h5 22. gxh5 Nxh5 23. Rf5 Kg7 24. Nxh5+ gxh5 25. Qg3+ Kh6 26. Qf4+ Kg6 27. Rf6+ Kh7 28. Qh6+ 1-0

[Event "Joao Pessoa de Assis Memorial 3rd"]
[Site "Joao Pessoa"]
[Date "2023.10.20"]
[Round "1"]
[White "Negreiros, Ricardo Andre Medei"]
[Black "Gomes, Genildo de Souza"]
[Result "1-0"]
[WhiteElo "1913"]
[BlackElo "1556"]
[PlyCount "99"]
[EventDate "2023.10.20"]
[EventType "swiss"]
[EventRounds "6"]
[EventCountry "BRA"]
[SourceTitle "Mega2024 Update 01"]
[Source "Chessbase"]
[SourceDate "2023.11.12"]
[SourceVersion "1"]
[SourceVersionDate "2023.11.12"]
[SourceQuality "1"]

1. d4 d5 2. c4 c6 3. Nc3 Nf6 4. Nf3 e6 5. Bg5 Be7 6. e3 b6 7. cxd5 Nxd5 8. Bxe7 Nxe7 9. Rc1 Ba6 10. Bxa6 Nxa6 11. Qa4 Nb8 12. Ne5 b5 13. Qa3 Nd7 14. Nxc6 Nxc6 15. Nxb5 Qa5+ 16. Qxa5 Nxa5 17. Nc7+ Ke7 18. Nxa8 Rxa8 19. b4 Nb7 20. Rc7 Nd6 21. Ke2 a5 22. bxa5 Rxa5 23. Ra1 Nb5 24. Rc6 Ra3 25. Kd2 Nf6 26. f3 Nd5 27. Rc5 Ndc3 28. e4 f6 29. e5 f5 30. Rc1 Rxa2+ 31. Rc2 Ra1 32. R2xc3 Nxc3 33. Rc7+ Kd8 34. Rxc3 Rg1 35. g3 Rg2+ 36. Ke3 Rxh2 37. f4 h5 38. Rc6 Kd7 39. Ra6 Rc2 40. d5 exd5 41. Rg6 Rc3+ 42. Kd4 Rf3 43. Rxg7+ Ke6 44. Rg6+ Kd7 45. Rf6 Ke7 46. Rxf5 Rxg3 47. Rxh5 Rg4 48. Rf5 Ke6 49. Rf6+ Ke7 50. Kxd5 1-0

[Event "Joao Pessoa op"]
[Site "Joao Pessoa"]
[Date "2023.03.17"]
[Round "2"]
[White "Virgulino, Judith Polgar Braga"]
[Black "Gomes, Genildo de Souza"]
[Result "0-1"]
[WhiteElo "1279"]
[BlackElo "1671"]
[PlyCount "68"]
[EventDate "2023.03.17"]
[EventType "swiss"]
[EventRounds "6"]
[EventCountry "BRA"]
[SourceTitle "EXT 2024"]
[Source "ChessBase"]
[SourceDate "2023.10.10"]
[SourceVersion "1"]
[SourceVersionDate "2023.10.10"]
[SourceQuality "1"]

1. e4 e6 2. d4 d5 3. e5 c5 4. c3 Nc6 5. Nf3 Bd7 6. Be3 Qb6 7. Qd2 Rc8 8. Be2 cxd4 9. Nxd4 Nxd4 10. Bxd4 Bc5 11. Bxc5 Qxc5 12. 0-0 Ne7 13. Bd3 Bb5 14. Bxb5+ Qxb5 15. Na3 Qc6 16. Nc2 0-0 17. Rac1 Qb6 18. Nb4 Rc7 19. Rc2 Ng6 20. Nd3 Rc4 21. Rfc1 Re4 22. Qg5 h6 23. Qh5 Qb5 24. f3 Rh4 25. Qxh4 Nxh4 26. b3 Qxd3 27. a4 Nf5 28. Kh1 Rc8 29. c4 Qxb3 30. Rc3 Rxc4 31. Rxc4 dxc4 32. h3 c3 33. Kh2 c2 34. f4 Qb2 0-1

[Event "BRA-ch Seniors 65"]
[Site "Joao Pessoa"]
[Date "2022.08.20"]
[Round "4"]
[White "Arruda Filho, Ivo Pereira de"]
[Black "Gomes, Genildo de Souza"]
[Result "1-0"]
[WhiteElo "1722"]
[BlackElo "1673"]
[PlyCount "107"]
[EventDate "2022.08.19"]
[EventType "swiss"]
[EventRounds "5"]
[EventCountry "BRA"]
[SourceTitle "CBM 210 Extra"]
[Source "ChessBase"]
[SourceDate "2022.11.30"]
[SourceVersion "1"]
[SourceVersionDate "2022.11.30"]
[SourceQuality "1"]

1. Nf3 e6 2. d4 d5 3. Bf4 c5 4. c3 Nc6 5. e3 Qb6 6. Qb3 Bd7 7. Nbd2 cxd4 8. exd4 Nf6 9. Bd3 Be7 10. 0-0 Rc8 11. Rfe1 Na5 12. Qc2 Nc6 13. Nb3 Nb4 14. Qd2 Nxd3 15. Qxd3 Bb5 16. Qb1 a5 17. Be5 0-0 18. Bxf6 Bxf6 19. Ne5 Rc7 20. Nc5 Be7 21. a4 Be8 22. b4 f6 23. Ned3 Bf7 24. b5 Rfc8 25. f4 e5 26. fxe5 Bg6 27. exf6 Bxc5 28. dxc5 Rxc5 29. f7+ Kf8 30. Kh1 Rxc3 31. Re8+ Rxe8 32. fxe8Q+ Bxe8 33. Qf1+ Qf6 34. Nf4 Bf7 35. Qe1 Re3 36. Qxe3 Qxa1+ 37. Qg1 Qxg1+ 38. Kxg1 d4 39. Ne2 d3 40. Nc3 d2 41. Kf2 Bb3 42. Ke2 d1Q+ 43. Nxd1 Bxa4 44. Nc3 Bb3 45. Kd2 Ke7 46. Kc1 Kd6 47. Kb2 Kc5 48. Kxb3 b6 49. Ka4 Kd4 50. Nb1 Ke3 51. Na3 Kf2 52. g4 Kg2 53. Nc4 Kxh2 54. Nxb6 1-0

[Event "Joao Pessoa Fischer Memorial 11th"]
[Site "Joao Pessoa"]
[Date "2022.05.07"]
[Round "3"]
[White "Ramalho, Maria Ruthiane Basi"]
[Black "Gomes, Genildo de Souza"]
[Result "0-1"]
[WhiteElo "1314"]
[BlackElo "1684"]
[PlyCount "38"]
[EventDate "2022.05.06"]
[EventType "swiss"]
[EventRounds "6"]
[EventCountry "BRA"]
[SourceTitle "EXT 2023"]
[Source "ChessBase"]
[SourceDate "2022.10.05"]
[SourceVersion "1"]
[SourceVersionDate "2022.10.05"]
[SourceQuality "1"]

1. e4 e6 2. Nc3 d5 3. d4 Bb4 4. Bd2 Nf6 5. e5 Nfd7 6. Nf3 c5 7. dxc5 Nc6 8. Bf4 Qa5 9. Qd2 Nxc5 10. Ng5 h6 11. a3 hxg5 12. Bxg5 Ne4 13. axb4 Qxa1+ 14. Qd1 Qxd1+ 15. Nxd1 Nxg5 16. f4 Ne4 17. b5 Nd4 18. c3 Nc2+ 19. Ke2 Ng3+ 0-1

[Event "Pessoense Master 6th"]
[Site "Joao Pessoa"]
[Date "2020.03.07"]
[Round "2"]
[White "Dantas, Francisco"]
[Black "Gomes, Genildo de Souza"]
[Result "1-0"]
[WhiteElo "1938"]
[BlackElo "1679"]
[PlyCount "79"]
[EventDate "2020.03.07"]
[EventType "tourn"]
[EventRounds "11"]
[EventCountry "BRA"]
[SourceTitle "CBM 195 Extra"]
[Source "ChessBase"]
[SourceDate "2020.05.31"]
[SourceVersion "1"]
[SourceVersionDate "2020.05.31"]
[SourceQuality "1"]

1. c4 c6 2. d4 d5 3. e3 Nf6 4. Nc3 Bf5 5. cxd5 cxd5 6. Qb3 Qb6 7. Nxd5 Nxd5 8. Qxd5 Qb4+ 9. Kd1 Bd7 10. Qc5 Qxc5 11. dxc5 e5 12. b4 a5 13. b5 Bxc5 14. Bb2 f6 15. Bc4 b6 16. Nf3 Ke7 17. Ke2 Bg4 18. h3 Be6 19. Bxe6 Kxe6 20. Nd2 Nd7 21. a4 Rhd8 22. Nb3 Bb4 23. Ba3 Bf8 24. Bxf8 Nxf8 25. Rac1 Rac8 26. Rhd1 Nd7 27. Rc6+ Ke7 28. Rdc1 Nc5 29. Nxc5 Rxc6 30. bxc6 bxc5 31. Rxc5 Kd6 32. Rxa5 Kxc6 33. Ra7 Rd7 34. Rxd7 Kxd7 35. Kd3 Kc6 36. Kc4 Kb6 37. Kd5 Ka5 38. Ke6 Kxa4 39. Kf7 Kb4 40. Kxg7 1-0

[Event "Pessoense Master 6th"]
[Site "Joao Pessoa"]
[Date "2020.03.07"]
[Round "1"]
[White "Gomes, Genildo de Souza"]
[Black "Canonico, Rodrigo"]
[Result "1/2-1/2"]
[WhiteElo "1679"]
[BlackElo "1700"]
[PlyCount "36"]
[EventDate "2020.03.07"]
[EventType "tourn"]
[EventRounds "11"]
[EventCountry "BRA"]
[SourceTitle "CBM 195 Extra"]
[Source "ChessBase"]
[SourceDate "2020.05.31"]
[SourceVersion "1"]
[SourceVersionDate "2020.05.31"]
[SourceQuality "1"]

1. d4 f5 2. Nc3 Nf6 3. Bg5 g6 4. h4 Bg7 5. h5 Nxh5 6. Rxh5 gxh5 7. e3 Kf8 8. Qxh5 Qe8 9. Qh2 d6 10. Nd5 Nc6 11. Nxc7 Qg6 12. Bxe7+ Kxe7 13. Nxa8 Kd8 14. Ne2 Bd7 15. Nf4 Qf7 16. c4 Kc8 17. Nd5 Bxd4 18. Qxd6 Be5 1/2-1/2

[Event "Joao Pessoa de Assis Memorial 1st"]
[Site "Joao Pessoa"]
[Date "2019.11.15"]
[Round "1"]
[White "Souza, Rafael Cabral de"]
[Black "Gomes, Genildo de Souza"]
[Result "1-0"]
[WhiteElo "2087"]
[BlackElo "1681"]
[PlyCount "45"]
[EventDate "2019.11.15"]
[EventType "swiss"]
[EventRounds "6"]
[EventCountry "BRA"]
[SourceTitle "CBM 193 Extra"]
[Source "ChessBase"]
[SourceDate "2020.01.31"]
[SourceVersion "1"]
[SourceVersionDate "2020.01.31"]
[SourceQuality "1"]

1. e4 e6 2. Nf3 d5 3. e5 c5 4. b4 a6 5. bxc5 Bxc5 6. d4 Ba7 7. Bd3 Nc6 8. c3 Nge7 9. 0-0 h6 10. Bc2 Na5 11. Re1 Nc4 12. Nbd2 b5 13. a4 Bd7 14. Nf1 Nc6 15. axb5 axb5 16. Ng3 b4 17. Nh5 Rg8 18. Qd3 bxc3 19. Qh7 Kf8 20. Nxg7 Nxd4 21. Nxd4 Bxd4 22. Bxh6 Bxe5 23. Nf5+ 1-0

[Event "Joao Pessoa Caldas Memorial 5th"]
[Site "Joao Pessoa"]
[Date "2019.09.20"]
[Round "10"]
[White "Urquiza, Marcello de Albuque"]
[Black "Gomes, Genildo de Souza"]
[Result "1/2-1/2"]
[WhiteElo "2059"]
[BlackElo "1651"]
[PlyCount "80"]
[EventDate "2019.09.11"]
[EventType "tourn"]
[EventRounds "11"]
[EventCountry "BRA"]
[SourceTitle "CBM 195 Extra"]
[Source "ChessBase"]
[SourceDate "2020.05.31"]
[SourceVersion "1"]
[SourceVersionDate "2020.05.31"]
[SourceQuality "1"]

1. e4 e6 2. d4 d5 3. Nd2 Nf6 4. e5 Nfd7 5. Bd3 c5 6. c3 Nc6 7. Ne2 Qb6 8. Nf3 cxd4 9. cxd4 Bb4+ 10. Bd2 Bxd2+ 11. Qxd2 Qb4 12. 0-0 Qxd2 13. Nxd2 Nb6 14. a3 Bd7 15. b4 Rc8 16. Rfc1 Ke7 17. Nb3 Na4 18. Nc5 Nb2 19. Bb5 a6 20. Rab1 axb5 21. Rxb2 b6 22. Nb7 Na7 23. Nd6 Rxc1+ 24. Nxc1 Nc8 25. Nxc8+ Rxc8 26. Ne2 Rc4 27. f4 f6 28. Kf2 Be8 29. g4 Bg6 30. Ke3 h5 31. h3 hxg4 32. hxg4 f5 33. Rb3 fxg4 34. Rc3 Kd7 35. Rxc4 bxc4 36. Nc3 Kc6 37. a4 Be8 38. Kf2 Bg6 39. Kg3 Bf5 40. Kf2 Bg6 1/2-1/2

[Event "Joao Pessoa Caldas Memorial 5th"]
[Site "Joao Pessoa"]
[Date "2019.09.18"]
[Round "8"]
[White "Canonico, Rodrigo"]
[Black "Gomes, Genildo de Souza"]
[Result "0-1"]
[WhiteElo "1701"]
[BlackElo "1651"]
[PlyCount "108"]
[EventDate "2019.09.11"]
[EventType "tourn"]
[EventRounds "11"]
[EventCountry "BRA"]
[SourceTitle "CBM 195 Extra"]
[Source "ChessBase"]
[SourceDate "2020.05.31"]
[SourceVersion "1"]
[SourceVersionDate "2020.05.31"]
[SourceQuality "1"]

1. e4 e6 2. d4 d5 3. Nc3 Nf6 4. Bg5 Bb4 5. e5 h6 6. Bd2 Bxc3 7. bxc3 Ne4 8. Qg4 g6 9. Nf3 Nxd2 10. Nxd2 Qg5 11. Qf3 Qf5 12. Bd3 Qxf3 13. Nxf3 b6 14. c4 Ba6 15. cxd5 Bxd3 16. cxd3 exd5 17. Kd2 Kd7 18. Rac1 Nc6 19. Rc2 Rac8 20. Rhc1 Nd8 21. Nh4 c6 22. f4 g5 23. Nf5 gxf4 24. Nd6 Rb8 25. Ke1 h5 26. Rf2 Ne6 27. Nxf7 Rhf8 28. Nd6 Nxd4 29. Kd2 h4 30. Rcf1 Ke6 31. Rxf4 Rxf4 32. Rxf4 Kxe5 33. Rxh4 Rf8 34. Kc3 Kxd6 35. Rxd4 Rf2 36. Rg4 Rxa2 37. h4 Ra1 38. h5 Rh1 39. Rg6+ Kc5 40. h6 a5 41. g4 Rh2 42. g5 a4 43. d4+ Kb5 44. Rg7 Rh3+ 45. Kc2 Rh2+ 46. Kb1 Kb4 47. Rb7 b5 48. h7 Kb3 49. Kc1 a3 50. Ra7 a2 51. Rxa2 Kxa2 52. g6 b4 53. g7 b3 54. h8Q b2+ 0-1